00000000nam 2200000zi 4500
0019.931955
003CaOODSP
00520241127082923
006m     o  d f      
007cr |n|||||||||
008231229e197808##qucdb   ob   f|0| 0 fre d
040 |aCaOODSP|bfre|erda|cCaOODSP
043 |an-cn-qu
0861 |aCW66-1469/1978F-PDF
1001 |aDoran, Marie-Andrée,|d1954- |eauteur.
24510|aÉtude écologique de la végétation et de son utilisation par la grande oie blanche (Anser caerulescens atlanticus) dans le marais intertidal de la Reserve nationale de faune de Cap Tourmente, Quebec : |brapport final / |cMarie-Andrée Doran.
264 1|a[Sainte-Foy, Québec] : |bEnvironnement Canada, Service canadien de la faune, |caoût 1978.
300 |a1 ressource en ligne (45, [6] pages) : |bcartes, graphiques
336 |atexte|btxt|2rdacontent/fre
337 |ainformatique|bc|2rdamedia/fre
338 |aressource en ligne|bcr|2rdacarrier/fre
500 |aÉdition numérisée de l’imprimé [par Environnement et changement climatique Canada].
500 |a« Contrat: KL-105-7-0196. »
504 |aComprend des références bibliographiques.
650 6|aOie des neiges|zQuébec (Province)
650 0|aSnow goose|zQuébec (Province)
651 6|aRéserve nationale de faune du Cap-Tourmente (Québec)
651 0|aCap Tourmente National Wildlife Area (Quebec)
7101 |aCanada. |bEnvironnement Canada, |eorganisme de publication.
7102 |aService canadien de la faune, |eorganisme de publication.
85640|qPDF|s1.52 Mo|uhttps://publications.gc.ca/collections/collection_2024/eccc/cw66/CW66-1469-1978-fra.pdf